ՀՀ Գիտությունների ազգային ակադեմիայի հիմնարար գիտական գրադարան  =   Fundamental Scientific Library of NAS RA

Опыт начертания истории царства Армянского, сочиненный Я. и Д. Арзановыми : (Record no. 123203)

MARC details
000 -LEADER
fixed length control field 01189nam a2200241 a 4500
001 - CONTROL NUMBER
control field 000329444
003 - CONTROL NUMBER IDENTIFIER
control field AM-YeHGA
005 - DATE AND TIME OF LATEST TRANSACTION
control field 20251103153500.0
008 - FIXED-LENGTH DATA ELEMENTS--GENERAL INFORMATION
fixed length control field 040421s1827 ru |||||r|||||000|| rus|d
040 ## - CATALOGING SOURCE
Original cataloging agency AM-YeHGA
041 0# - LANGUAGE CODE
Language code of text/sound track or separate title rus
100 1# - MAIN ENTRY--PERSONAL NAME
Personal name Арзанов, Яков
245 10 - TITLE STATEMENT
Title Опыт начертания истории царства Армянского, сочиненный Я. и Д. Арзановыми :
Remainder of title Древняя история, украшенная 26-ю гравированными картинами
Statement of responsibility, etc. Д. Арзанов
246 14 - VARYING FORM OF TITLE
Title proper/short title Галерея достопамятных царей Армении
260 ## - PUBLICATION, DISTRIBUTION, ETC.
Place of publication, distribution, etc. Москва :
Name of publisher, distributor, etc. В Тип. Семена Селивановскаго,
Date of publication, distribution, etc. 1827.
300 ## - PHYSICAL DESCRIPTION
Extent [6], XXII, [2], 182 с. :
Other physical details 25 вкл. л. портр. ;.
500 ## - GENERAL NOTE
General note На обл. : Иждивением сочинителей.
650 14 - SUBJECT ADDED ENTRY--TOPICAL TERM
Topical term or geographic name entry element История Армении
General subdivision Древняя история
-- Царства
650 14 - SUBJECT ADDED ENTRY--TOPICAL TERM
Topical term or geographic name entry element Цари Армении
700 1# - ADDED ENTRY--PERSONAL NAME
Personal name Арзанов, Давыд
856 ## - ELECTRONIC LOCATION AND ACCESS
Uniform Resource Identifier <a href="https://arar.sci.am/dlibra/publication/432191/edition/399260/content">https://arar.sci.am/dlibra/publication/432191/edition/399260/content</a>
Link text Կարդալ առցանց
942 ## - ADDED ENTRY ELEMENTS (KOHA)
Source of classification or shelving scheme Universal Decimal Classification
Koha item type Գրքեր / Books
Koha issues (borrowed), all copies 1
Holdings
Withdrawn status Lost status Source of classification or shelving scheme Damaged status Not for loan Collection Home library Current library Date acquired Total checkouts Full call number Barcode Date last seen Price effective from Koha item type Public note Date due Date last checked out
    Universal Decimal Classification     Levonyan Individual Collection Fundamental Scientific Library Fundamental Scientific Library 22/12/2016   Лев/2348 FL0415142 22/12/2016 22/12/2016 Գրքեր / Books ILL Non-Circ.    
    Universal Decimal Classification     General Fundamental Scientific Library Fundamental Scientific Library 14/04/2022 1 PIII/3378 FL0468802 12/05/2025 14/04/2022 Գրքեր / Books 30 Days Loan 11/06/2025 12/05/2025


ՀՀ ԳԱԱ հիմնարար գիտական գրադարան
ՀՀ,Երևան 0019
Մարշալ Բաղրամյան 24/6
հեռախոս:(374-10) 52-47-50
Հետադարձ կապ

All site content, except where otherwise noted, is licensed under a
Creative Commons License